Представление документа в формате RUSMARC

ПолеНазваниеЗначение
  Тип записи a
  Библиографический уровень a
001 Контрольный номер RU/CBS_UL/BASE/fd195bb208e24b339ace9ab45706ab50
005 Дата корректировки 20260407105551.6
100 Данные общей обработки __
a Данные общей обработки 20260407 ||| 0rusy0189 ca
101 Язык документа 0_
a Язык текста rus
102 Страна публикации __
a Страна публикации RU
200 Заглавие и сведения об ответственности 1_
a Заглавие Про погонщиков мулов
e Сведения, относящиеся к заглавию [баскская сказка]
300 Общие примечания __
a Общие примечания 6+
461 Уровень набора _0
1 2000
a Детское чтение для сердца и разума
463 Уровень физической единицы _0
1 2000
a № 3
v С. 36-40
1 2101
d 2026
1 001RU/CBS_UL/BASE/b03c8610d5af4dbb966f945da959f242
606 Тематические рубрики 0_
a Основная рубрика Зарубежная детская литература - Сказки
610 Ключевые слова 0_
a Ключевые слова зарубежная детская литература; детская литература; сказки; баскские сказки
686 Индексы других классификаций __
a Классификационный индекс 82
801 Источник записи _0
a Страна RU
b Организация МБУК ЦБС г. Ульяновска
c Дата составления 20260407
g Правила каталогизации RCR
801 Источник записи _1
a Страна RU
b Организация МБУК ЦБС г. Ульяновска
c Дата составления 20260407
g Правила каталогизации RCR
901 Тип документа __
t Тип документа b
w Контрольный № источника RU/CBS_UL/BASE/b03c8610d5af4dbb966f945da959f242
909 Создатель записи __
a Создатель записи mbo